Marketingový výzkum a informační průmysl
Využívanie on-line služieb databázových centier - najefektívnejší a najkompletnejší spôsob získavania sekundárnych informácií. Firmy, ktoré dominujú vo svete elektronických informácií: Compuserve, Dialog, Prodigy Services Company, Dow Jones News Retrieval, Lexis/Nexis.
Salvato in:
| Autore principale: | |
|---|---|
| Natura: | Capitolo di libro |
| Lingua: | ceco |
| Soggetti: | |
| Tags: |
Nessun Tag, puoi essere il primo ad aggiungerne!!
|
MARC
| LEADER | 00000naa a2200000 4500 | ||
|---|---|---|---|
| 001 | r019609 | ||
| 005 | 20221205102231.8 | ||
| 041 | 0 | |a cze | |
| 044 | |a CZ | ||
| 245 | 1 | 0 | |a Marketingový výzkum a informační průmysl |c P. Trmač |
| 520 | |a Využívanie on-line služieb databázových centier - najefektívnejší a najkompletnejší spôsob získavania sekundárnych informácií. Firmy, ktoré dominujú vo svete elektronických informácií: Compuserve, Dialog, Prodigy Services Company, Dow Jones News Retrieval, Lexis/Nexis. | ||
| 610 | 2 | 0 | |a USA |
| 610 | 2 | 0 | |a marketing |
| 610 | 2 | 0 | |a prieskum trhu |
| 610 | 2 | 0 | |a informácie druhostupňové |
| 610 | 2 | 0 | |a báza dát |
| 610 | 2 | 0 | |a služby informačné |
| 610 | 2 | 0 | |a adresáre |
| 610 | 2 | 0 | |a zdroje informácií |
| 100 | 1 | |a Trmač, P. | |